Advanced aircraft design (Record no. 9119)
[ view plain ]
| 000 -LEADER | |
|---|---|
| fixed length control field | 01561nam a2200349 a 4500 |
| 001 - CONTROL NUMBER | |
| control field | ebr10695846 |
| 003 - CONTROL NUMBER IDENTIFIER | |
| control field | CaPaEBR |
| 006 - FIXED-LENGTH DATA ELEMENTS--ADDITIONAL MATERIAL CHARACTERISTICS--GENERAL INFORMATION | |
| fixed length control field | m o u |
| 007 - PHYSICAL DESCRIPTION FIXED FIELD--GENERAL INFORMATION | |
| fixed length control field | cr cn||||||||| |
| 008 - FIXED-LENGTH DATA ELEMENTS--GENERAL INFORMATION | |
| fixed length control field | 150303s2013 enka sb 001 0 eng d |
| 020 ## - INTERNATIONAL STANDARD BOOK NUMBER | |
| Cancelled/invalid ISBN | 9781118568118 |
| Cancelled/invalid ISBN | 9781118568088 (e-book) |
| 040 ## - CATALOGING SOURCE | |
| Original cataloging agency | CaPaEBR |
| Transcribing agency | CaPaEBR |
| 035 ## - SYSTEM CONTROL NUMBER | |
| System control number | (OCoLC)842881790 |
| 050 14 - LIBRARY OF CONGRESS CALL NUMBER | |
| Classification number | TL671.2 |
| Item number | .T668 2013eb |
| 082 04 - DEWEY DECIMAL CLASSIFICATION NUMBER | |
| Classification number | 629.133/34 |
| Edition number | 23 |
| 100 1# - MAIN ENTRY--PERSONAL NAME | |
| Personal name | Torenbeek, Egbert. |
| 245 10 - TITLE STATEMENT | |
| Title | Advanced aircraft design |
| Medium | [electronic resource] : |
| Remainder of title | conceptual design, technology and optimization of subsonic civil airplanes / |
| Statement of responsibility, etc | Egbert Torenbeek. |
| 260 ## - PUBLICATION, DISTRIBUTION, ETC. (IMPRINT) | |
| Place of publication, distribution, etc | Chichester, West Sussex, U.K. : |
| Name of publisher, distributor, etc | Wiley, |
| Date of publication, distribution, etc | c2013. |
| 300 ## - PHYSICAL DESCRIPTION | |
| Extent | 1 online resource (xxiii, 410 p.) : |
| Other physical details | ill., graphs. |
| 490 1# - SERIES STATEMENT | |
| Series statement | Aerospace Series |
| 504 ## - BIBLIOGRAPHY, ETC. NOTE | |
| Bibliography, etc | Includes bibliographical references at the end of each chapters and index. |
| 533 ## - REPRODUCTION NOTE | |
| Type of reproduction | Electronic reproduction. |
| Place of reproduction | Palo Alto, Calif. : |
| Agency responsible for reproduction | ebrary, |
| Date of reproduction | 2015. |
| Note about reproduction | Available via World Wide Web. |
| -- | Access may be limited to ebrary affiliated libraries. |
| 588 ## - SOURCE OF DESCRIPTION NOTE | |
| Source of description note | Description based on online resource; title from title page (ebrary, viewed May 21, 2013). |
| 650 #0 - SUBJECT ADDED ENTRY--TOPICAL TERM | |
| Topical term or geographic name as entry element | Transport planes |
| General subdivision | Design and construction. |
| Topical term or geographic name as entry element | Jet planes |
| General subdivision | Design and construction. |
| Topical term or geographic name as entry element | Airplanes |
| General subdivision | Performance. |
| 655 #7 - INDEX TERM--GENRE/FORM | |
| Genre/form data or focus term | Electronic books. |
| Source of term | local |
| 710 2# - ADDED ENTRY--CORPORATE NAME | |
| Corporate name or jurisdiction name as entry element | ebrary, Inc. |
| 830 #0 - SERIES ADDED ENTRY--UNIFORM TITLE | |
| Uniform title | Aerospace series (Chichester, West Sussex, U.K.) |
| 856 40 - ELECTRONIC LOCATION AND ACCESS | |
| Uniform Resource Identifier | <a href="http://site.ebrary.com/lib/rucke/Doc?id=10695846">http://site.ebrary.com/lib/rucke/Doc?id=10695846</a> |
| Public note | An electronic book accessible through the World Wide Web; click to view |
No items available.
